=LDR 00000nam 2200000 4500 =001 INLIS000000000002507 =005 20130612090834 =008 ***********************************Ind** =035 ##$$0010-061300000002507 =041 ##$$a Ind =082 ##$$a 616.858 3 =090 ##$$a 616.858 3, Pro =245 ##$$a Problematik sexual, petunjuk untuk petugas medis, Editor, William AR.Thomson =260 ##$$a E $b London =300 ##$$a 112 hlm, ilus, 21 cm =650 ##$$a Seks =650 ##$$a Penyimpangan =700 ##$$a Thomson, William AR =850 ##$$a NBPNMAT